British History A - Z - Statistics

General Stats
  • This quiz has been taken 24 times
  • The average score is 18 of 26
Answer Stats
Letter Clue Answer % Correct
C The King executed in 1649 following the English Civil War Charles
100%
E The "Virgin Queen" whose 45-year reign saw the defeat of the Spanish Armada Elizabeth
100%
B The catastrophic pandemic that killed up to half of the population in 1348 Black Death
95%
V The seafaring invaders from Scandinavia who raided Lindisfarne in 793 Vikings
95%
W The 1815 battle where the Duke of Wellington finally defeated Napoleon Waterloo
95%
I The era of rapid manufacturing and technological growth beginning in the 1700s Industrial Revolution
90%
J The King forced by barons to sign the Magna Carta in 1215 John
90%
L The city that served as the capital of Roman Britain (Londinium) London
90%
S The massive prehistoric stone circle built in Wiltshire Stonehenge
90%
Y The Royal House whose symbol was a white rose York
90%
H The 1066 battle where William the Conqueror defeated King Harold Hastings
86%
M The "Great Charter" that limited the King's power for the first time Magna Carta
86%
T The 1805 naval victory led by Admiral Horatio Nelson Trafalgar
86%
O The "Lord Protector" who ruled England as a republic in the 1650s Oliver Cromwell
81%
U The 1707 Act that officially joined England and Scotlan Union
81%
G The 1666 disaster that destroyed most of medieval London Great Fire
76%
R The dynastic civil wars fought between the Houses of Lancaster and York Roses
76%
A King of Wessex who defeated the Vikings and became "the Great" Alfred
62%
X The last name of the famous missionary who was part of the Jesuit order Xavier
48%
D The massive survey of English land commissioned by William the Conqueror Domesday Book
43%
F The famous plot to blow up Parliament in 1605 (associated with Guy Fawkes Fawkes
33%
Q The nickname for the 18-year-old Princess who began a 63-year reign in 1837 Queen Victoria
33%
P The 1381 uprising led by Wat Tyler against high taxes Peasants Revolt
24%
N The 1066 invasion led by William the Conqueror Norman Conquest
19%
K Prime Minister who famously used the "V for Victory" sign during WWII Kier Hardie
0%
Z The 1879 battle where British forces were defeated by a Zulu army Zulu War
0%
No matching quizzes found
Score Distribution
Percent of People with Each Score
Percentile by Number Answered
Your Score History
You have not taken this quiz